000 00935cam a22002891 4500
001 26902
003 BD-RjUL
005 20211209051102.0
008 140324t19681966enkabcf b 001 0 eng
020 _a0552079103
035 _a(BD-RjUL)26973
040 _aDLC
_cDLC
_dDLC
_dBD-RjUL
_beng
041 _aeng
082 0 0 _a355.3510943
_bONG 1968
100 1 _aO'Neill, Robert John.
_982690
245 1 4 _aThe German Army and the Nazi Party 1933-39 /
_c[by] Robert J. O'Neill; foreword by Sir Basil Liddell Hart.
250 _aCorgi ed.
260 _aLondon :
_bCorgi,
_cc1966 [1968].
300 _axviii, 383 p. :
_b16 plates, illus., facsims., map, ports. ;
_c19 cm.
350 _a7/6
504 _aIncludes Bibliography (p. 325-339) and index.
610 1 0 _aGermany.
_bHeer
_982693
610 2 0 _aNationalsozialistische Deutsche Arbeiter-Partei.
_982694
942 _2ddc
_cBK
999 _c26902
_d26902